Wild flowers of North Carolina /

Bibliographic Details
Main Authors: Justice, William S., Bell, C. Ritchie (Author)
Format: Book
Language:English
Published: Chapel Hill : University of North Carolina Press, [1968]
Subjects:

MARC

Tag First Indicator Second Indicator Subfields
LEADER 00000cam a22000001 4500
001 in00001619021
005 20151023060352.0
008 700914s1968 ncuab 000 0 eng
010 |a  68018051  
035 |a (OCoLC)ocm00440222 
040 |a DLC  |c DLC  |d OCL  |d TXA  |d UtOrBLW 
043 |a n-us-nc 
049 |a TXAM 
050 0 0 |a QK178  |b .J8 
082 0 |a 582.13/09756 
100 1 |a Justice, William S. 
245 1 0 |a Wild flowers of North Carolina /  |c [by] William S. Justice and C. Ritchie Bell. 
264 1 |a Chapel Hill :  |b University of North Carolina Press,  |c [1968] 
300 |a xxvii, 217 pages :  |b illustrations (part color), map. ;  |c 23 cm. 
336 |a text  |b txt  |2 rdacontent 
337 |a unmediated  |b n  |2 rdamedia 
338 |a volume  |b nc  |2 rdacarrier 
500 |a Sponsored by the Garden Club of North Carolina and the North Carolina Botanical Garden. 
536 |a Gift from the library of Frank and Elizabeth Coulter, December 1999. 
650 0 |a Wild flowers  |z North Carolina  |v Pictorial works. 
700 1 |a Bell, C. Ritchie,  |e author. 
948 |a cataloged  |b h  |c 2001/7/11  |d c  |e eneff  |f 11:18:58 am 
994 |a E0  |b TXA 
999 |a MARS 
999 f f |s 1a8a2f59-5df1-3392-94b8-0c5d276cafc1  |i 53638e13-6dd9-34ae-97e5-1dd989a5bf3a  |t 0 
952 f f |p ric  |a Texas A&M University  |b Rellis Campus  |c Joint Library Facility  |d Remote Storage  |t 0  |e QK178 .J8  |h Library of Congress classification  |i unmediated -- volume  |m A14827823913 
998 f f |a QK178 .J8  |t 0  |l Remote Storage